000 00475nab a2200145Ia 4500
003 ES-SlBCS
005 20210601125307.0
008 140529s2001 xxu||||| |||| 00| 0 eng d
041 _aeng
100 1 _aAinslie, Donald C.
_9156406
245 0 0 _aHume's Reflections on the Identity and Simplicity of Mind
_c Donald C. Ainslie
600 1 _aHume, David-Mente
_9156407
773 0 _tPhilosophy and Phenomenological Research
_gvol. 62, 2001, págs. 557-578
_wRev1411
942 _cAR
999 _c527966
_d527966